Finanzas Públicas (Registro nro. 1005)
[ vista simple ]
| 000 -LEADER | |
|---|---|
| fixed length control field | 01586 a2200193 4500 |
| 001 - CONTROL NUMBER | |
| control field | 22392 |
| 005 - DATE AND TIME OF LATEST TRANSACTION | |
| control field | 20260407155515.0 |
| 008 - FIXED-LENGTH DATA ELEMENTS--GENERAL INFORMATION | |
| fixed length control field | 260407a1978 arg spa d |
| 003 - CONTROL NUMBER IDENTIFIER | |
| control field | AR-UNSa-BCEJYS |
| 040 ## - CATALOGING SOURCE | |
| Original cataloging agency | AR-UNSa-BCEJYS |
| Language of cataloging | spa |
| Transcribing agency | AR-UNSa-BCEJYS |
| 080 ## - UNIVERSAL DECIMAL CLASSIFICATION NUMBER | |
| Universal Decimal Classification number | 336.1 |
| Common auxiliary subdivision | Finanzas Públicas. Finanzas del gobierno en general<br/> <br/> |
| 100 1# - MAIN ENTRY--PERSONAL NAME | |
| Personal name | Jarach, Dino |
| 245 10 - TITLE STATEMENT | |
| Title | Finanzas Públicas |
| Name of part/section of a work | esbozo de una teoría general |
| 264 #1 - PRODUCTION, PUBLICATION, DISTRIBUTION, MANUFACTURE, AND COPYRIGHT NOTICE | |
| Place of production, publication, distribution, manufacture | Buenos Aires : |
| Name of producer, publisher, distributor, manufacturer | Cangallo |
| Date of production, publication, distribution, manufacture, or copyright notice | 1978 |
| 300 ## - PHYSICAL DESCRIPTION | |
| Extent | 650 p. |
| Dimensions | 22 cm. |
| 505 ## - FORMATTED CONTENTS NOTE | |
| Formatted contents note | Parte I: Finanzas públicas en general - 1. Evolución del pensamiento financiero - 2. Finanzas públicas. Naturaleza, estructura y relaciones con la economía - Parte II: Presupuesto estatal - 1. El presupuesto estatal - 2. Presupuesto estatal, cuentas nacionales y renta nacional - 3. Finanzas de múltiples niveles de gobierno - Parte III: 1. Los gastos públicos - 2. Efectos de los gastos públicos - 3. Cuantificación de los efectos de los gastos públicos - Parte IV: 1. Recursos - 2.Teoría general del impuesto - Parte V: 1. Caracteres del sistema impositivo - 2. Impuestos fijos, graduales, proporcionales, progresivos y regresivos - 3. Los principios de la imposición - Parte VI: 1. El impuesto a la renta o a los réditos - 2. El impuesto a los réditos de las sociedades de capital - 3. Impuestos aduaneros y régimen cambiario - Parte VII: Otros recursos - 1. La deuda pública - 2. La emisión de billetes y las finanzas públicas - Parte VIII: Seguridad social - 1. Finanzas de la seguridad social |
| 590 ## - LOCAL NOTE (RLIN) | |
| Local note | niveau_biblio:m niveau_hierar:0 |
| 942 ## - ADDED ENTRY ELEMENTS (KOHA) | |
| Koha item type | |
| Withdrawn status | Lost status | Damaged status | Not for loan | Home library | Current library | Shelving location | Date acquired | Total checkouts | Full call number | Barcode | Date last seen | Price effective from | Koha item type |
|---|---|---|---|---|---|---|---|---|---|---|---|---|---|
| Biblioteca Prof. Eusebio Cleto del Rey | Biblioteca Prof. Eusebio Cleto del Rey | 07/04/2026 | 336.1 J37f | L28515 | 07/04/2026 | 07/04/2026 | Libro |